LEADER 03001nam 2200589 450 001 9910154961603321 005 20200520144314.0 010 $a1-935864-98-X 035 $a(CKB)3710000000446104 035 $a(EBL)3440239 035 $a(OCoLC)940510684 035 $a(SSID)ssj0001267924 035 $a(PQKBManifestationID)12477812 035 $a(PQKBTitleCode)TC0001267924 035 $a(PQKBWorkID)11265508 035 $a(PQKB)10635684 035 $a(MiAaPQ)EBC3440239 035 $a(Au-PeEL)EBL3440239 035 $a(CaPaEBR)ebr11078058 035 $a(EXLCZ)993710000000446104 100 $a20150724h20142014 uy 0 101 0 $aeng 135 $aur|n|---||||| 181 $ctxt 182 $cc 183 $acr 200 00$aSurgical oncology nursing /$fedited by Gail Wych Davidson, MS, NP-C, OCN, Joanne L. Lester, PhD, CNP, AOCN, Meghan Routt, RN, MSN, GNP/ANP-BC, AOCNP 210 1$aPittsburgh, Pennsylvania :$cOncology Nursing Society,$d2014. 210 4$d©2014 215 $a1 online resource (296 p.) 300 $aDescription based upon print version of record. 311 $a1-935864-29-7 320 $aIncludes bibliographical references at the end of each chapters and index. 327 $aPreface; CHAPTER 1. Overview; CHAPTER 2. Diagnosis of Cancer; CHAPTER 3. Preoperative Care of the Patient With Cancer; CHAPTER 4. Perioperative Care of the Patient With Cancer; CHAPTER 5. Pediatric Implications in Surgical Oncology; CHAPTER 6. Geriatric Implications in Surgical Oncology; CHAPTER 7. Surgical Care of Head and Neck Cancers; CHAPTER 8. Surgical Care of Breast Cancer; CHAPTER 9. Surgical Care of Lung Cancer; CHAPTER 10. Surgical Care of Upper Gastrointestinal Cancers; CHAPTER 11. Surgical Care of Lower Gastrointestinal Cancers 327 $aCHAPTER 12. Surgical Care of Cancers of the Female PelvisCHAPTER 13. Surgical Care of Cancers of the Male Pelvis and Urologic Cancers; CHAPTER 14. Surgical Care of Skin Cancer; CHAPTER 15. Surgical Care of Brain Tumors; CHAPTER 16. Surgical Care of Bone Cancers; CHAPTER 17. Surgical Care of Neuroendocrine and Other Endocrine Cancers; CHAPTER 18. Robotic Minimally Invasive Surgery; CHAPTER 19. Interventional Radiology: Diagnosis and Treatment ; CHAPTER 20. Intraoperative Radiation Therapy; CHAPTER 21. Reconstructive Surgery; CHAPTER 22. Nutritional Care of the Surgical Patient 327 $aCHAPTER 23. Surgical Wounds and Ostomy CareCHAPTER 24. Survivorship Issues in Surgical Oncology Nursing; Index 606 $aCancer$xNursing 606 $aOperating room nursing 608 $aElectronic books. 615 0$aCancer$xNursing. 615 0$aOperating room nursing. 676 $a610.73698 702 $aDavidson$b Gail Wych 702 $aLester$b Joanne L. 702 $aRoutt$b Meghan 801 0$bMiAaPQ 801 1$bMiAaPQ 801 2$bMiAaPQ 906 $aBOOK 912 $a9910154961603321 996 $aSurgical oncology nursing$92269575 997 $aUNINA LEADER 01589nam 2200421Ia 450 001 996386021203316 005 20200824132126.0 035 $a(CKB)4940000000080286 035 $a(EEBO)2240867020 035 $a(OCoLC)ocm13166614e 035 $a(OCoLC)13166614 035 $a(EXLCZ)994940000000080286 100 $a19860218d1697 uy | 101 0 $aeng 135 $aurbn||||a|bb| 200 13$aAn enquiry into the right use and abuses of the hot, cold, and temperate baths in England ..$b[electronic resource] $eto this is added I. an extract of Dr. Jones's treaty on Buxton-Bath ..., II. a letter from Dr. Clayton ... concerning the use of St. Mungus-Well, III. an abstract of some cures perform'd by the bath at Buxton /$fby Sir John Floyer, Kt. .. 210 $aLondon $cPrinted for R. Clavel ...$d1697 215 $a[71], 144 p 300 $aAdvertisements: p. [71]. 300 $aReproduction of original in Bodleian Library. 330 $aeebo-0014 606 $aBaths$zEngland 606 $aBaths$zEngland$zBuxton (Derbyshire) 606 $aBaths$xTherapeutic use$vEarly works to 1800 606 $aPerspiration$vEarly works to 1800 615 0$aBaths 615 0$aBaths 615 0$aBaths$xTherapeutic use 615 0$aPerspiration 700 $aFloyer$b John$cSir,$f1649-1734.$01001053 801 0$bEAA 801 1$bEAA 801 2$bm/c 801 2$bWaOLN 906 $aBOOK 912 $a996386021203316 996 $aAn enquiry into the right use and abuses of the hot, cold, and temperate baths in England .$92370310 997 $aUNISA LEADER 05108 am 22007213u 450 001 9910141634103321 005 20230621135351.0 035 $a(CKB)2670000000344233 035 $a(SSID)ssj0000986169 035 $a(PQKBManifestationID)11540795 035 $a(PQKBTitleCode)TC0000986169 035 $a(PQKBWorkID)10933441 035 $a(PQKB)10822834 035 $a(OCoLC)848279927 035 $a(WaSeSS)Ind00074885 035 $a(oapen)https://directory.doabooks.org/handle/20.500.12854/26078 035 $a(EXLCZ)992670000000344233 100 $a20160829h20122012 uy 0 101 0 $ager 135 $aurmn#nnn||||| 181 $ctxt$2rdacontent 182 $cc$2rdamedia 183 $acr$2rdacarrier 200 10$aVor den Gemälden $eEduard Bendemann zeichnet : Bestandskatalog der Zeichnungen und skizzenbücher eines Hauptvertreters der düsseldorfer Malerschule in der Göttinger Universitätskunstsammlung /$fChristian Scholl und Anne-Katrin Sors (Hg.) ; mit Aufsa?tzen von Michael Thimann, Iris Wenderholm und Christian Scholl ; sowie Beitra?gen von Claudia Amthor and 16 others 210 $cUniversitätsverlag Göttingen$d2012 210 1$aGöttingen :$cUniversitätsverlag Göttingen,$d2012. 210 4$d©2012 215 $a1 online resource (355 pages) $cillustrations (some colour) 225 0 $aOpen Access e-Books 225 0 $aKnowledge Unlatched 300 $aCatalogue of the exhibition at Go?ttinger Universita?tskunstsammlung, Go?ttingen, October 28, 2012 - March 10, 2013. 311 08$a3863950836 320 $aIncludes bibliographical references and indexes. 327 $aEduard Bendemann : Biographie -- Farbtafeln -- Aufsa?tze -- Bendemanns Lehrer zeichnet : Wilhelm Schadows Vorstudie zum Gema?lde Caritas / Christian Scholl -- Verbrechen und Gnade : der Tod Abels von Eduard Bendemann : ein Gerechtigkeitsbild des 19. Jahrhunderts / Michael Thimann und Iris Wenderholm -- Spa?ter Orientalismus : Eduard Bendemanns Gema?lde Wegfu?hrung der Juden in die babylonische Gefangenschaft / Christian Scholl -- Katalog der Zeichnungen Eduard Bendemanns in der Go?ttinger Universita?ts-kunstsammlung -- 1. Portra?ts -- 2. "Christliche Kunst" -- 3. Jeremias auf den Tru?mmern Jerusalems (1834-35) -- 4. Die Ausmalung des Ball- und Konzertsaals im Dresdner Schloss (1847-54) -- 5. Odysseus und Penelope (1860) -- 6. Der Tod Abels (1860-64) -- 7. Die Wegfu?hrung der Juden in die babylonische Gefangenschaft (1865-72) -- 8. Die Ausmalung des ersten Cornelius-Saals in der Berliner Nationalgalerie (1874-76) -- 9. Das Opfer der Iphigenie (1882-87) -- 10. Eduard Bendemann auf Reisen : Landschaftszeichnungen und Skizzenbuchbla?tter -- 11. Skizzenbuch Italien (1831) -- 12. Skizzenbuch Wien/Prag (1842) -- 13. Skizzenbuch Paris (1869-70) -- 14. Unzugeordnete Zeichnungen -- 15. Bendemann als Buchillustrator : Das Nibelungenlied (1841) -- Anhang -- Literatur -- Bildnachweis -- Konkordanz der Katalognummern -- Personenregister -- Ortsregister. 330 $aZu den besonderen Scha?tzen der Go?ttinger Universita?tskunstsammlung geho?ren 129 Zeichnungen auf 92 Blatt sowie drei Skizzenbu?cher von Eduard Bendemann (1811-1889). Kulturell vielseitig vernetzt, war dieser Ku?nstler einer der bedeutendsten Vertreter der Du?sseldorfer Malerschule und sorgte gerade in den 1830er und 40er Jahren mit seinen Gema?lden europaweit fu?r großes Aufsehen. Der umfangreiche Go?ttinger Bendemann-Bestand wird hier erstmals vollsta?ndig in einem Katalog vorgestellt, der zugleich als Begleitband zu einer Ausstellung dieser Werke fungiert. Einen Großteil der hier pra?sentierten Zeichnungen schuf Bendemann als vorbereitende Studien zu komplexen Historienbildern. Vor den Gema?lden: Eduard Bendemann zeichnet unter diesem Motto gewa?hren Katalog und Ausstellung Einblicke in die faszinierende Welt akademischer Komponierpraxis des 19. Jahrhunderts und fu?hren zugleich in deren historische und (kunst- )politische Grundlagen ein. Sie widmen sich einer Zeit, die von fundamentalen Umbru?chen, aber auch einem nahezu unerschu?tterlichen Vertrauen in die Wirkung von Kunst gepra?gt wurde. 606 $aArtists' preparatory studies$zGermany$vExhibitions 606 $aDrawing$zGermany$zBerlin$vExhibitions 610 $aDrawings 610 $aSketchbooks 610 $aSketches for complex history paintings 610 $aBleistift 610 $aEduard Bendemann 610 $aKunsthandel 610 $aPapier 610 $aRecto 610 $aSkizze 615 0$aArtists' preparatory studies 615 0$aDrawing 676 $a741.943 700 $aBendemann$b Eduard$f1811-1889,$0916708 702 $aScholl$b Christian$f1971-, 702 $aSors$b Anne-Katrin 702 $aThimann$b Michael 702 $aWenderholm$b Iris 702 $aAmthor$b Claudia 712 02$aUniversita?t Go?ttingen.$bKunstsammlung, 801 0$bPQKB 801 2$bAuAdUSA 801 2$bUkMaJRU 906 $aBOOK 912 $a9910141634103321 996 $aVor den Gemälden$92055148 997 $aUNINA LEADER 03789nam 22006855 450 001 9911018652703321 005 20250806171442.0 010 $a3-031-93658-2 024 7 $a10.1007/978-3-031-93658-6 035 $a(MiAaPQ)EBC32253179 035 $a(Au-PeEL)EBL32253179 035 $a(CKB)40083126400041 035 $a(DE-He213)978-3-031-93658-6 035 $a(EXLCZ)9940083126400041 100 $a20250806d2025 u| 0 101 0 $aeng 135 $aurcnu|||||||| 181 $ctxt$2rdacontent 182 $cc$2rdamedia 183 $acr$2rdacarrier 200 10$aAllergies, Poisoning and Intolerance to Common Substances $eBasic and Clinical Aspects /$fedited by Marlon Gustavo Múnera Gómez, Oscar Correa Jimenez, Juana Bustillo Arias 205 $a1st ed. 2025. 210 1$aCham :$cSpringer Nature Switzerland :$cImprint: Springer,$d2025. 215 $a1 online resource (254 pages) 311 08$a3-031-93657-4 327 $aIntoxication and Allergenicity of Cannabis sativa -- Anisakis simplex: Parasitism and Allergy -- Allergy, Intolerance, and Intoxication to Dairy Products: Milk -- Intolerance, Allergies, and Acute Intoxication to Alcoholic Beverages -- Acute Interstitial Nephritis -- Heavy metal poisoning and its relationship with allergies -- Toxicity and allergies to medications -- Allergies, Intolerances, and Poisonings from Plant-Based Foods -- Shellfish allergy and intoxication -- Meat Poisoning and Allergy. 330 $aThis book provides essential guidance on distinguishing between allergies, intolerances, and poisonings related to common substances such as alcohol, foods, medications, and metals. Drawing from extensive clinical and basic research in allergic diseases and toxicology, it addresses the confusion and challenges in diagnosing and managing these conditions. By offering a structured approach, the book helps readers understand the mechanisms behind allergic responses and intolerances, such as the IgE-mediated immune response in dairy allergies versus enzyme deficiencies in intolerances. Key concepts explored include the immune and metabolic mechanisms underlying allergies and intolerances, as well as the toxicological aspects of substances like alcohol. Chapters delve into specific cases, such as the allergenic and toxic properties of Cannabis sativa, the dual nature of dairy products, and the complexities of shellfish allergies. This comprehensive examination makes the book an invaluable resource for medical professionals, students, and researchers seeking to deepen their understanding of these phenomena. This work offers the insights needed to navigate the complexities of allergies, intolerances, and poisonings, enhancing both diagnosis and treatment strategies. 606 $aAllergy 606 $aToxicology 606 $aDiagnosis 606 $aImmunology 606 $aClinical biochemistry 606 $aAllergology 606 $aMedical Toxicology 606 $aDiagnosis 606 $aImmunology 606 $aToxicology 606 $aMedical Biochemistry 615 0$aAllergy. 615 0$aToxicology. 615 0$aDiagnosis. 615 0$aImmunology. 615 0$aClinical biochemistry. 615 14$aAllergology. 615 24$aMedical Toxicology. 615 24$aDiagnosis. 615 24$aImmunology. 615 24$aToxicology. 615 24$aMedical Biochemistry. 676 $a616.97 700 $aMúnera Gómez$b Marlon Gustavo$01836917 701 $aJimenez$b Oscar Correa$01836918 701 $aArias$b Juana Bustillo$01836919 801 0$bMiAaPQ 801 1$bMiAaPQ 801 2$bMiAaPQ 906 $aBOOK 912 $a9911018652703321 996 $aAllergies, Poisoning and Intolerance to Common Substances$94415151 997 $aUNINA